000 00207 a2200097 4500
020 _a7467634946419
041 _aspa
100 _aEquipo editorial thema
245 _aAtlas geografico estudiantil
942 _cBK
999 _c9803
_d9803